Guess the One Direction song with no hints #19 - Statistics

General Stats
  • This quiz has been taken 1,164 times
    1,150 since last reset
  • The average score is 160 of 239
Answer Stats
Answer % Correct
I
99%
I,
99%
a
97%
you
97%
you,
97%
the
91%
The
91%
And
88%
and
88%
do
88%
we
87%
me
86%
me?
86%
me,
86%
to
84%
don't
80%
go
80%
be
79%
it
77%
know
77%
in
75%
no
75%
want,
75%
want
75%
Why
69%
that
68%
there?
68%
there
68%
all
67%
we're
67%
We're
67%
with
67%
With
67%
You're
67%
my
65%
night
65%
one
63%
yeah
63%
If
61%
Just
60%
just
60%
wanna
60%
can
59%
got
59%
stay
57%
but
56%
'Cause
56%
let
56%
way,
56%
could
55%
Out
54%
Say
54%
say
54%
take
54%
going
52%
nowhere
48%
away
47%
Let's
46%
see
45%
give
44%
get
43%
Think
43%
tonight
43%
word,
43%
word
43%
cold
42%
place
42%
ride
42%
slow
42%
about
41%
time
41%
feel
40%
We'll
40%
we'll
40%
air
39%
places
39%
Hey,
36%
free
36%
key
36%
or
36%
addicted
35%
addicted,
35%
right
35%
mind,
34%
other
34%
touch
33%
set
32%
side,
32%
these
31%
There's
30%
high
29%
through
29%
clothes
26%
anyway
25%
safe
25%
secret's
25%
rushing
24%
Skydive,
22%
anyone
21%
No matching quizzes found
Score Distribution
Percent of People with Each Score
Percentile by Number Answered
Your Score History
You have not taken this quiz since the last reset